00867nam a22002657a 4500003001100000005001700011008004100028020001600069040003900085041000800124082001500132100002200147245005800169260004900227300004300276490002800319650002500347650002700372650004500399700002100444700002400465942000700489952009000496999001500586LK-CoMWRAF20231206151132.0230927b2004 |||||||| |||| 00| 0 eng d a 9558610186 aLK-CoMWRAFdLK-CoMWRAFeLK-CoMWRAF aeng a362.5bJAY aJayaweera, Swarna aGender and poverty in selected locations in Sri Lanka aColombo:bCentre for Women's Research,c2004 a273 p. ; 26 cm.bBibliography included aStudy series ; vno. 33 aRURAL POOR-Sri Lanka aPoor women-Sri Lanka.  aWomen in economic development-Sri Lanka. a Sanmugam, Thana aAmarasuriya, Harini cBK 00104070aMAINbMAINd2023-09-27l0o362.5 JAYpRAF1510r2023-09-27w2023-09-27yBK c3700d3700